[Event "EU-chT Seniors 07th"]
[Site "Dresden"]
[Date "2005.02.25"]
[Round "8"]
[White "Wheeler, John Francis"]
[Black "Klundt, Klaus"]
[Result "0-1"]
[WhiteElo "2220"]
[BlackElo "2385"]
[EventDate "2005.02.18"]
[PlyCount "68"]

1.d4 Nf6 2.c4 e6 3.Nc3 d5 4.Bg5 Be7 5.Nf3 h6 6.Bh4 O-O 7.e3 b6 8.Bxf6 Bxf6
9.cxd5 exd5 10.Be2 Bb7 11.Qb3 Re8 12.O-O c6 13.Rac1 Nd7 14.Rfd1 g6 15.Bf1 
Bg7 16.h3 Nf8 17.Ne1 Qe7 18.Nd3 Red8 19.a4 Ne6 20.a5 c5 21.Qa3 Bf8 22.a6 
Bc6 23.Ne5 Be8 24.Bb5 Rac8 25.Qa4 Bxb5 26.Qxb5 Qd6 27.Nf3 Bg7 28.dxc5 Qxc5
29.Qb3 Qc4 30.Nd2 Qxa6 31.Nxd5 Rxc1 32.Rxc1 Nc5 33.Rxc5 bxc5 34.Ne4 Qe6 
0-1

[Event "EU-chT Seniors 07th"]
[Site "Dresden"]
[Date "2005.02.25"]
[Round "8"]
[White "Zanger, Konrad"]
[Black "Schenk, Dieter"]
[Result "0-1"]
[WhiteElo "1603"]
[BlackElo "2000"]
[EventDate "2005.02.18"]
[PlyCount "154"]

1.Nf3 d5 2.d4 e6 3.g3 c5 4.c3 Nc6 5.Bg2 Nf6 6.O-O Be7 7.Re1 O-O 8.Nbd2 
cxd4 9.cxd4 Qb6 10.Nb3 a5 11.Bg5 a4 12.Nc5 Nxd4 13.Nxd4 Qxc5 14.Rc1 Qb6 
15.Rc2 Bd7 16.e3 Rfc8 17.Ree2 h6 18.Bxf6 Bxf6 19.Red2 Bb5 20.b3 axb3 21.
axb3 Bc6 22.Rb2 Be7 23.Ra2 Ra5 24.Bf1 Rca8 25.Qb1 Qa7 26.Rxa5 Qxa5 27.Rc2 
Bd7 28.Nf3 Bd6 29.Qd1 e5 30.Be2 Be6 31.Rc1 Qb4 32.Nd2 Bf5 33.g4 Be6 34.h3 
f5 35.Nf1 fxg4 36.Bxg4 Bxg4 37.Qxd5+ Kh8 38.hxg4 Qxg4+ 39.Ng3 Qb4 40.Rd1 
Rd8 41.Ne4 Bc7 42.Qxd8+ Bxd8 43.Rxd8+ Kh7 44.Ng3 Qxb3 45.Re8 Qd1+ 46.Kg2 
Qd5+ 47.e4 Qd4 48.Re7 b5 49.f3 Qd2+ 50.Kf1 Qf4 51.Kf2 b4 52.Nf5 Qg5 53.Rb7
Qd2+ 54.Kf1 b3 55.Rxg7+ Kh8 56.Rg6 b2 57.Rxh6+ Qxh6 58.Nxh6 b1=Q+ 59.Kg2 
Kg7 60.Ng4 Qb2+ 61.Kg3 Kg6 62.Nf2 Qd2 63.Nh3 Qe1+ 64.Kg2 Kh5 65.Nf2 Kh4 
66.Nh1 Qe2+ 67.Nf2 Kg5 68.Kg3 Qe1 69.Kg2 Kf4 70.Nh3+ Ke3 71.Ng5 Qf2+ 72.
Kh3 Kf4 73.Ne6+ Kxf3 74.Ng5+ Kf4 75.Ne6+ Kxe4 76.Ng5+ Kf5 77.Nf7 Kf4 0-1

[Event "EU-chT Seniors 07th"]
[Site "Dresden"]
[Date "2005.02.25"]
[Round "8"]
[White "Zunker, Reinhard"]
[Black "Dominguez Rueda, Juan"]
[Result "0-1"]
[WhiteElo "2233"]
[BlackElo "2138"]
[EventDate "2005.02.18"]
[PlyCount "80"]

1.e4 e5 2.Nf3 Nc6 3.Bb5 a6 4.Ba4 Nf6 5.Qe2 b5 6.Bb3 Be7 7.c3 d6 8.d3 O-O 
9.Nbd2 Na5 10.Bc2 c5 11.h3 Nc6 12.Nf1 d5 13.g4 d4 14.Ng3 dxc3 15.bxc3 b4 
16.Ba4 Bd7 17.Bxc6 Bxc6 18.Nxe5 Ba4 19.cxb4 Bd6 20.Bb2 Re8 21.f4 cxb4 22.
O-O Bb5 23.Rfd1 Nd7 24.Nxd7 Qxd7 25.Qf3 Bf8 26.d4 a5 27.Rac1 Rac8 28.Qe3 
Bc4 29.a3 b3 30.e5 Bd5 31.Ne4 Rc2 32.Rxc2 bxc2 33.Rc1 Qb7 34.Rxc2 Bxe4 35.
Rd2 Bd5 36.Kh2 Rb8 37.f5 Qa6 38.Qf2 Rb3 39.h4 Rf3 40.Qe2 Qh6 0-1